| 000 | 00710pam a2200265 a 4500 | ||
|---|---|---|---|
| 999 |
_c5199 _d5199 |
||
| 001 | 5199 | ||
| 003 | BD-JhCC | ||
| 005 | 20171210164645.0 | ||
| 008 | 880406s1989 nyua b 001 0 eng | ||
| 020 | _a039395708X | ||
| 035 | _a(BD-JhCC) | ||
| 040 |
_aDLC _cDLC _dDLC |
||
| 041 | _aeng | ||
| 050 | 0 | 0 |
_aHB171.5 _b.M266 1989 |
| 082 | 0 | 0 |
_a330 _219 _bMAN 1989 |
| 100 | 1 | _aMansfield, Edwin. | |
| 245 | 1 | 0 |
_aEconomics : _bprinciples, problems, decisions / _cEdwin Mansfield. |
| 250 | _a6th ed. | ||
| 260 |
_aNew York : _bNorton, _cc1989. |
||
| 300 |
_axx, 756, 80 p. : _bill. ; _c27 cm. |
||
| 504 | _aIncludes bibliographical references and index. | ||
| 650 | 0 | _aEconomics. | |
| 942 |
_2ddc _cBK |
||